Fr. Conceicao Rodrigues College of Engineering

Elementary functions & Coordinate Geometry (Record no. 18672)

MARC details
000 -LEADER
fixed length control field 00323nam a2200133Ia 4500
082 ## - DEWEY DECIMAL CLASSIFICATION NUMBER
Classification number 510
Item number Mar
100 ## - MAIN ENTRY--PERSONAL NAME
Personal name Marcus/M & Minc/ H
245 ## - TITLE STATEMENT
Title Elementary functions & Coordinate Geometry
260 ## - PUBLICATION, DISTRIBUTION, ETC.
Name of publisher, distributor, etc. Houghton Mifflin Co
Place of publication, distribution, etc. Boston
Date of publication, distribution, etc. 1969
546 ## - LANGUAGE NOTE
Language note ENGLISH
654 ## - SUBJECT ADDED ENTRY--FACETED TOPICAL TERMS
Focus term Coordinate Geometry
942 ## - ADDED ENTRY ELEMENTS (KOHA)
Koha item type BOOK
Holdings
Withdrawn status Lost status Damaged status Not for loan Collection Home library Current library Date acquired Total Checkouts Full call number Barcode Date last seen Price effective from Koha item type
        AFT Fr. Agnel's C.Rodrigues College of Engineering Fr. Agnel's C.Rodrigues College of Engineering 17/03/2023   510 Mar AFT1537 17/03/2023 17/03/2023 BOOK